000 00565nam a2200205Ia 4500
005 20250923144605.0
008 008 250917s9999 xx 000 0 eng d
037 _aTextual
040 _aDSWL
_beng
_cDSWL
041 _aeng
_2eng
084 _aY173P15, J7
_qDSWL
100 _aNarain, Dhirendra
_9826409
245 0 _aHindu Character
_cby Dhirendra Narain.
260 _aBombay
_b University of Bombay
_c1957
300 _a238p.
365 _aINR
_b14
925 _g14
942 _cTEXL
_hY173P15, J7
999 _c1440882
_d1440882